Dictionnaire français-grec / (Record no. 26235)

MARC details
000 -LEADER
campo de control de longitud fija 00687nam a2200205 i 4500
001 - NÚMERO DE CONTROL
campo de control 26235
003 - IDENTIFICADOR DE NÚMERO DE CONTROL
campo de control ES-MaACL
005 - FECHA Y HORA DE LA ÚLTIMA TRANSACCIÓN
campo de control 20251003165504.0
007 - CAMPO FIJO DE DESCRIPCIÓN FÍSICA--INFORMACIÓN GENERAL
campo de control de longitud fija t|
008 - DATOS DE LONGITUD FIJA--INFORMACIÓN GENERAL
campo de control de longitud fija 030108s1913 fr ||||1| fre d
100 1# - ENTRADA PRINCIPAL--NOMBRE DE PERSONA
Nombre de persona Alexandre, Charles.
9 (RLIN) 19782
245 10 - MENCIÓN DEL TÍTULO
Título Dictionnaire français-grec /
Mención de responsabilidad, etc. par M. M. Alexandre, Planche et Defauconpret.
260 ## - PUBLICACIÓN, DISTRIBUCIÓN, ETC.
Lugar de publicación, distribución, etc. París :
Nombre del editor, distribuidor, etc. Hachette,
Fecha de publicación, distribución, etc. 1913 (
Fabricante Taffin-Lafort)
300 ## - DESCRIPCIÓN FÍSICA
Extensión LIV, 1014 p. ;
Dimensiones 24 cm.
650 #4 - PUNTO DE ACCESO ADICIONAL DE MATERIA--TÉRMINO DE MATERIA
Término de materia o nombre geográfico como elemento de entrada Lengua francesa-
Subdivisión de forma Diccionarios-
Subdivisión general Griego.
9 (RLIN) 141740
700 1# - ENTRADA AGREGADA--NOMBRE PERSONAL
Nombre de persona Planche, Joseph,
Fechas asociadas al nombre 1762-1853
9 (RLIN) 155297
700 1# - ENTRADA AGREGADA--NOMBRE PERSONAL
Nombre de persona Defauconpret, Charles Auguste,
Fechas asociadas al nombre 1797-1865
9 (RLIN) 155298
852 ## - LOCALIZACIÓN
Ubicación ES-MaACL
Número de control de estantería F-8304
Holdings
Estatus retirado Estado de pérdida Estado de daño No para préstamo Biblioteca de origen Biblioteca actual Ubicación en estantería Fecha de adquisición Fuente de adquisición Total de préstamos Signatura topográfica completa Código de barras Visto por última vez Precio de reemplazo Tipo de ítem Koha
        Biblioteca del Ateneo de Madrid Biblioteca del Ateneo de Madrid Sala Pecera Planta 2 17/01/2008     F-8304 1027075 23/02/2023 23/02/2023 Libro impreso